000 00427nam a2200169 a 4500
001 0000-8518
003 ELIB.Books
008 110520 1999
035 _a(ELIB.Books)0000-8663
082 _a241.5
_bHau
100 _aHauerwas, Stanley M.
245 _aThe Truth About God
260 _bNashille: Abingdon Press
_c1999
650 _aChristian Ethics
942 _2ddc
_cBK
998 _cbat
_e2011-05-20
999 _c8518
_d8518